000
00305nam a2200133Ia 4500
005
20251222153539.0
008
251222s9999||||xx |||||||||||||| ||spa||
020
_a
8486939364
082
_a
005/O32
245
0
_a
Conozca su Ordenador
250
_a
2da.ed.
264
_b
OCU Ediciones, S.A.
942
_c
LIB
999
_c
30374
_d
30374